| 000 | 01214nam a22002777a 4500 | ||
|---|---|---|---|
| 003 | PE SENCICO BE | ||
| 005 | 20251020182649.0 | ||
| 008 | 240112b |||||||| |||| 00| 0 eng d | ||
| 040 |
_aPE SENCICO BE _cPE SENCICO BE |
||
| 041 | _aspa | ||
| 084 |
_aI _aDIS _a2018 _bC26 |
||
| 100 | 1 |
_91877 _aCárdenas Hernández, Gabriela del Rosario _eautor |
|
| 245 | 1 |
_aElementos visuales aplicado al diseño de interior de una vivienda unifamiliar / _cGabriela del Rosario Cárdenas Hernández |
|
| 260 |
_aLima : _c2018 |
||
| 300 |
_a2 v. : _bil. col., tabls. ; _c30 cm. |
||
| 500 | _aTexto en dos volúmenes. El volumen 2 contiene planos (30 x 40 cm.). | ||
| 502 | _aMonografía de Titulación.-- Servicio Nacional de Capacitación para la Industria de la Construcción. Escuela Superior Técnica. Carrera Profesional Técnica en Diseño de Interiores, 2018 | ||
| 650 | 1 | 0 |
_944 _aDiseño de interiores |
| 650 | 2 | 0 |
_91628 _aViviendas unifamiliares |
| 650 | 2 | 0 |
_91800 _aAntropometría |
| 650 | 2 | 0 |
_918 _aDiseño arquitectónico |
| 650 | 2 | 0 |
_9615 _aPlanos |
| 710 | 1 |
_aServicio Nacional de Capacitación para la Industria de la Construcción. _bEscuela Superior Técnica _91065 |
|
| 910 |
_bhfp _chfp |
||
| 942 | _cMON | ||
| 999 |
_c4505 _d4505 |
||